In-situ ultrasonic enhancement of flux during natural rubber skim latex recovery by ultrafiltration (Record no. 61447)

MARC details
000 -LEADER
fixed length control field 00585nam a2200205Ia 4500
100 ## - MAIN ENTRY--AUTHOR NAME
Personal name Anitha S
245 #0 - TITLE STATEMENT
Title In-situ ultrasonic enhancement of flux during natural rubber skim latex recovery by ultrafiltration
260 ## - PUBLICATION, DISTRIBUTION, ETC. (IMPRINT)
Name of publisher Journal of Rubber Research
Year of publication 2008
300 ## - PHYSICAL DESCRIPTION
Number of Pages 125133
520 ## - SUMMARY, ETC.
Summary, etc DL
650 ## - SUBJECT ADDED ENTRY--TOPICAL TERM
Topical Term Cross-flow ultrafiltration
650 ## - SUBJECT ADDED ENTRY--TOPICAL TERM
Topical Term Membrane fouling
650 ## - SUBJECT ADDED ENTRY--TOPICAL TERM
Topical Term Skim latex
650 ## - SUBJECT ADDED ENTRY--TOPICAL TERM
Topical Term Transmembrane pressure
650 ## - SUBJECT ADDED ENTRY--TOPICAL TERM
Topical Term Ultrasonic
700 ## - ADDED ENTRY--PERSONAL NAME
Personal name Devaraj V
700 ## - ADDED ENTRY--PERSONAL NAME
Personal name Zairossani M N
942 ## - ADDED ENTRY ELEMENTS (KOHA)
Koha item type Journals
Holdings
Withdrawn status Lost status Damaged status Not for loan Home library Current library Shelving location Date acquired Serial Enumeration / chronology Koha item type
      Journals RRII Library RRII Library Rubber technology 03/11/2008 Volume 11, Issue 3 Journals